000 03192cam a2200637 4500
001 22368
003 VRT
005 20260326154721.0
006 r b tn
008 220620s2022 xo a b 000 j slo
015 _aSNBA2022/08
020 _a9788056629048
_q(viazané)
039 9 _a202407021130
_bAUTHORITY
_c202406101338
_dAUTHORITY
_c202208021233
_dmsnk159
_c202207191046
_dmsnk134
040 _aSVKBB
_bslo
_dSVKBB
_dSNK
_erda
041 1 _aslo
_hger
044 _axo
_cSK
072 7 _a821.112.2-3
_xNemecká próza, nemecky písaná
_2konspekt
072 7 _a821-93
_xLiteratúra pre deti a mládež (beletria)
_2konspekt
080 _a821.112.2(436)-32
_22011
080 _a82-93-053.4/.5
_22011
080 _a(0:82-322.4)
_22011
100 1 _aBrezina, Thomas,
_d1963-
_4aut
240 1 4 _aEin Fall für dich und das Tiger-Team: Das Piraten-Logbuch
_lSlovensky
245 1 0 _aPrípad pre teba a Tigrí tím
_pZáhadný pirátsky denník
_cThomas C. Brezina ; ilustrovala Naomi Fearnová ; z nemeckého originálu Ein Fall für dich und das Tiger-Team: Das Piraten-Logbuch ... preložila Katarína Šmidtová
246 3 0 _aZáhadný pirátsky denník
250 _aDruhé slovenské vydanie
260 _aBratislava
_bFragment
_c2022
300 _a140 strán, 10 nečíslovaných strán obrazových príloh
_bfotografie, ilustrácie
_c19 cm
_e1 plastová lupa
336 _atext
_btxt
_2rdacontent
336 _atrojrozmerná forma
_btdf
_2rdacontent
337 _abez média
_bn
_2rdamedia
338 _azväzok
_bnc
_2rdacarrier
338 _aobjekt
_bnr
_2rdacarrier
490 1 _aTigrí tím
500 _aVydalo vydavateľstvo Fragment v Bratislave v spoločnosti Albatros Media Slovakia, s.r.o.
500 _aObsahuje stručné biografické údaje o autorovi
521 8 _aPre čitateľov od 9 rokov
655 7 _arakúske príbehy
_2SNKPH
655 7 _adetektívne príbehy
_2SNKPH
655 7 _aliteratúra pre deti
_2SNKPH
655 7 _aAustrian stories
_2SNKPHeng
655 7 _aDetective stories
_2SNKPHeng
655 7 _aChildren’s literature
_2SNKPHeng
700 1 _aFearn, Naomi,
_d1976-
_4ill
700 1 _aŠmidtová, Katarína
_4trl
710 2 _aAlbatros Media Slovakia.
_bFragment
_4pbl
830 0 _aTigrí tím
942 _2ddc
_cKLDE
_n0
949 _62889378828
_asavukM 123491
_bsavuk2022/1637
_qSkontrolovať vrátenie 1 plastovej priesvitky.
_rObsahuje 1 pastovú priesvitku.
949 _6270001000650754
_91 voľ. príl. (lupa)
_asvkbbA 164635
_bsvkbbm 800374
949 _6273K0677155
_asvkpoA 251857
_bsvkpo667421
_r1 voľná príl.: plastová lupa
949 _617A1492207
_asnkSD 90885
_bsnk2022/11400
_o1214/2022
_qDokument obsahuje 1 voľnú prílohu - plastovú lupu
_rDokument obsahuje 1 voľnú prílohu - plastovú lupu
_s6100:20221109
949 _617A1492208
_asnkSD 90885/príl.
_bsnk2022/11400
_o1214/2022
_pPríloha: 1 plastová lupa
_s6100:20221109
949 _617A1492209
_asnkSD 90885 D1
_bsnk2022/11401
_o1214/2022
_qDokument obsahuje 1 voľnú prílohu - plastovú lupu
_rDokument obsahuje 1 voľnú prílohu - plastovú lupu
949 _617A1492210
_asnkSD 90885/príl. D1
_bsnk2022/11401
_o1214/2022
_pPríloha: 1 plastová lupa
999 _c22368
_d22368